000 01014nam a22002537a 4500
005 20170124103007.0
010 _aA-833738
020 _c90.00
_a8186311408
035 _aA-833738
037 _bCen Lib/Ret
040 _aDPL
_bHN
082 _a
_bरायह
100 _aराय, हरियश
_956611
245 _aबर्फ होती नदी /
_cहरियश राय
246 _aBarf hoti nadi /
_bby Hariyash Rai
260 _aनयी दिल्ली
_bप्रकाशन संसथान
_c1997
270 _a4715/21, दयानंद मार्ग, दरियागंज
_bनयी दिल्ली
_e110002
300 _a116पृ.
_c21सेमी (सजिल्द)
650 _aहिंदी साहित्य
_956612
650 _aहिंदी साहित्य --कहानियां
_942761
650 _aHindi literature
_956613
650 _aHindi literature--Stories
_956614
942 _2ddc
_cHN
_h
_mरायह
999 _c114385
_d114385